header

A companion to border studies (Record no. 96224)

MARC details
000 -LEADER
fixed length control field 01366nam a2200373Ia 4500
082 04 - DEWEY DECIMAL CLASSIFICATION NUMBER
Classification number 320.1/2
245 02 - TITLE STATEMENT
Title A companion to border studies
260 ## - PUBLICATION, DISTRIBUTION, ETC. (IMPRINT)
Place of publication Hoboken :
Name of publisher Wiley Blackwell,
Year of publication c2012.
300 ## - PHYSICAL DESCRIPTION
Number of Pages xvi, 620 p.
490 1# - SERIES STATEMENT
Series statement Blackwell companions to anthropology
650 #0 - SUBJECT ADDED ENTRY--TOPICAL TERM
Topical Term Boundaries.
Topical Term Borderlands.
Topical Term Political geography.
Topical Term Human geography.
700 1# - ADDED ENTRY--PERSONAL NAME
Personal name Wilson, Thomas M.
Personal name Donnan, Hastings.
856 40 - ELECTRONIC LOCATION AND ACCESS
Uniform Resource Identifier http://site.ebrary.com/lib/rucke/Doc?id=10560513

No items available.

© 2026 Rongo University
Contact us: librarian | system librarian | Rongo university